000 02155nam a2200409 c 4500
003 BLK
005 20241031110747.0
008 180409b bul|||||r ||||||| ||bul||
010 _aKNG00103584000
020 _a954-671-064-3
_bиздат.: Инфодар
040 _aBLK
041 _aBUL
_cBUL
080 _aСоциография. Социално положение. Условия на политическия и социалния живот. Социално и социално-икономическо положение на отделните страни, народи, раси. Социална география. (Общи въпроси)
_b308
_x(560)(036)
_z308(560)(036)
080 _aЗабавно пътуване. Туризъм - пътуване пеша, с кола, колело, автобус, влак, параход, самолет, изкачване на планина, ездене и др. п.
_b379.85
_x(560)(036)
_z379.85(560)(036)
100 1 _aДженкинс, Гарет
_eпърви автор
_9307717
700 1 _aЛинч, Маргарет
_eсъавт.
_9307718
700 1 _aNewell, Eli
_eсъавт.
_9307719
700 1 _aДимитров, Панайот
_eпрев.
_9372393
139 _aДженкинс, Гарет и др.
_bД 50
245 1 0 _aТурция
_bFodor's пътеводител : Полезни съвети от А до Я : Хотели, ресторанти и забележителности
_cГарет Дженкинс; съавт. Маргарет Линч; съавт. Eli Newell; прев. Панайот Димитров.
257 _aUSA
260 София
_bИнфодар
_c2002
300 _a342 с.
_c22 см
380 _a3
650 4 _aТурция
_9179691
650 4 _aПътеводители
_9168579
650 4 _aТуризъм
_9174203
651 4 _aТурция
_9179691
653 _aпътеводители
653 _aТурция
852 _aЦб 212849
856 4 _qpdf
_u
856 4 _qpdf
_u
942 _cKNG
_n0
_03
944 _aCR
_c01.01.2002
_k30529
_lДиана Гривева
944 _aED
_c09.10.2007
_k
999 _c98637
_d98637